Memleketimizde toplum kalkınması (Record no. 2776)

MARC details
000 -BAŞLIK
Sabit Uzunlukta Kontrol Alanı 00836na a2200289 4500
001 - KONTROL NUMARASI
Denetim Alanı 13041
003 - KONTROL NUMARASI IDENTIFIER
Denetim Alanı MIRAKIL
005 - SON İŞLEM TARİHİ VE ZAMANI
Denetim Alanı 20181213154909.0
008 - SABİT-BOY VERİ ELEMANLARI - GENEL BİLGİLER
Sabit Uzunlukta Kontrol Alanı 161010b tu 000 0
035 ## - SİSTEM KONTROL NUMARASI
Sistem Kontrol Numarası 13041
040 ## - KATALOGLAMA KAYNAK
Orijinal Kataloglama Ajansı Milas
Kataloglama Dili tur
Metne Dönüştürmek Ajansı TR-AnCHP
041 ## - DİL KODU
Metin / Ses Parça Veya Ayrı Başlığın Dil Kodu tur
082 ## - DEWEY ONLU SINIFLANDIRMA NUMARASI
Sınıflandırma Numarası 303.44
Ürün Numarası Y28m 1969
090 ## - SINIFLAMA NUMARASI
Sınıflama Numarası 303.44 Y28m 1969
100 ## - ANA GİRİŞ - KİŞİSEL İSİM
Kişisel Ad Yavuz, Fehmi
245 ## - BAŞLIK TABLOSU
Başlık Memleketimizde toplum kalkınması
Başlığın Kalan (köy kalkınması)
Sorumluluk Tablosu, Vb Fehmi Yavuz
246 ## - UNVAN FORM VARYING
Başlık Doğru / Kısa Başlığı Köy kalkınması
250 ## - EDITION TABLOSU
Baskı Beyanı 2. bs.
260 ## - YAYIN, DAĞITIM, VB
Yayın, Dağıtım, Vb Yeri Ankara
Yayıncı, Dağıtıcı, Vs Adı TODAİE
Yayın, Dağıtım, Vb Tarihi 1969
300 ## - FİZİKSEL TANIM
Kapsam viii, 153 s.
Boyutlar 24 sm.
504 ## - KAYNAKÇA VB NOT
Kaynakça Vb Notu Kaynakça var.
610 ## - KONU KATMA GİRİŞ - TOPLANTI ADI
Giriş Elemanı Olarak Kurumsal Ad Veya Yargı Alanı Adı Köy İşleri Bakanlığı
650 ## - KONU KATMA GİRİŞ - TOPİKAL DÖNEM
Topikal Süreli Veya Coğrafi Ad Giriş Elemanı Toplumsal gelişme
Genel Alt Bölümü Kalkınma planları
Coğrafi Alt Bölümü Türkiye
650 ## - KONU KATMA GİRİŞ - TOPİKAL DÖNEM
Topikal Süreli Veya Coğrafi Ad Giriş Elemanı Köy kalkınması
Kronolojik Alt Bölümü Türkiye
650 ## - KONU KATMA GİRİŞ - TOPİKAL DÖNEM
Topikal Süreli Veya Coğrafi Ad Giriş Elemanı Toplumsal gelişme
Genel Alt Bölümü Örgütlenmeler
Kronolojik Alt Bölümü Türkiye
942 ## - EKLENDİ GİRİŞ ELEMANLARI (KOHA)
Sınıflandırma Veya Raf Düzeni Kaynak Dewey Decimal Classification
Koha Öğesi Türü Books
999 ## - SİSTEM KONTROL NUMARALARI (KOHA)
Koha Biblionumber 2776
Koha Biblioitemnumber 2776
Holdings
Kalıcı Konum Mevcut Konum Edinme Tarihi Edinim Kaynak Toplam Check-Out'Lar Tam Çağrı Numarası Barkod Tarih Son Görülme İtibaren Geçerli Fiyatlar Koha Öğesi Türü
CHP Kütüphanesi CHP Kütüphanesi 08/04/2016 Bağış   303.44 Y28m 1969 000733 08/04/2016 08/04/2016 Books